000 00577nam a2200169 a 4500
001 000036430
005 20200930075728.0
008 120117s1995 sp a 000 0 spa d
020 _a8437613108
040 _aDO-SdBNP
_bspa
_cBNPHU
082 _axxxx
_bG643e
100 1 _aGonzález Requena, Jesús
_962643
245 1 3 _aEl espot publicitario :
_blas metamorfosis del deseo. /
_cJesús González Requena, Amaya Ortíz de Zárate.
260 _aMadrid :
_bCatedra Signo e Imagen,
_c1995.
300 _a175 p. :
_bils., retrs. ;
_c22 cm.
700 1 _aOrtíz de Zárate, Amaya
_962644
999 _c35921
_d35921